000 00705nam a22002057a 4500
999 _c16589
_d16589
003 AR-CdUCM
008 190313b ||||| |||| 00| 0 spa d
040 _aMUNICIPALIDAD PROVINCIAL DEL CUSCO
_cBIBLIOTECA MUNICIPAL DEL CUSCO
082 _a150 /
_bP77
100 _aPonce, Anibal
_92441
245 _aEstudios de psicología /
260 _aBuenos Aires :
_bEl viento en el mundo,
_c1970.
300 _a334 páginas ;
_c20 cm.
505 _aContenido : La hermana del escritor -- La filosofía funcional -- La forma y el movimiento ...
650 _aLa Psicologia
_936115
650 _aPsicologia Humana
_916852
650 _aRazonamiento
_920965
942 _2ddc
_cLIBROS
945 _arah
_d03/05/2019